| 000 | 00511nas a2200217 i 4500 | ||
|---|---|---|---|
| 001 | 2112 | ||
| 003 | ES-MaACL | ||
| 005 | 20250807062540.0 | ||
| 007 | t| | ||
| 008 | 950801c1833 fr | | 1 ||re d | ||
| 080 | _a44 | ||
| 245 | 0 | 0 | _aRevue médicale. |
| 260 |
_aParis : _bDeville Cavellin, _c1833- ( _fVe. Thuau) |
||
| 300 |
_av ; _c22 cm. |
||
| 310 | _aMensual | ||
| 362 | 0 | _aT. I (1833)- | |
| 650 | 1 | 7 |
_aMedicina _2embne _914891 |
| 852 |
_aES-MaACL _jHem-126 |
||
| 866 | 0 | _o1833. | |
| 999 |
_c2112 _d2112 |
||